5HLuxD.jpg

KING HENRY VIII SENIOR AND PRIMARY SCHOOL LIBRARY OPAC

Diary of a wimpy kid : (Record no. 755)

000 -LEADER
fixed length control field 01802cam a2200385 i 4500
001 - CONTROL NUMBER
control field .b5446397x
003 - CONTROL NUMBER IDENTIFIER
control field OCoLC
005 - DATE AND TIME OF LATEST TRANSACTION
control field 20191206112242.0
008 - FIXED-LENGTH DATA ELEMENTS--GENERAL INFORMATION
fixed length control field 190720t20182016enka 000 f eng
020 ## - INTERNATIONAL STANDARD BOOK NUMBER
International Standard Book Number 9780141376660
Qualifying information (pbk.)
020 ## - INTERNATIONAL STANDARD BOOK NUMBER
International Standard Book Number 014137666X
Qualifying information (pbk.)
035 ## - SYSTEM CONTROL NUMBER
System control number (OCoLC)1023402128
040 ## - CATALOGING SOURCE
Original cataloging agency AU@
Language of cataloging eng
Description conventions rda
Transcribing agency AU@
Modifying agency OCLCO
-- OCLCF
-- OCL
-- UKMGB
-- NTNU
042 ## - AUTHENTICATION CODE
Authentication code nbic
082 ## - DEWEY DECIMAL CLASSIFICATION NUMBER
Classification number FIC KIN
100 1# - MAIN ENTRY--PERSONAL NAME
Personal name Kinney, Jeff,
Relator term author,
-- illustrator.
245 10 - TITLE STATEMENT
Title Diary of a wimpy kid :
Remainder of title double down /
Statement of responsibility, etc. by Jeff Kinney.
264 #1 - PRODUCTION, PUBLICATION, DISTRIBUTION, MANUFACTURE, AND COPYRIGHT NOTICE
Place of production, publication, distribution, manufacture [London] :
Name of producer, publisher, distributor, manufacturer Puffin Books,
Date of production, publication, distribution, manufacture, or copyright notice 2018.
264 #4 - PRODUCTION, PUBLICATION, DISTRIBUTION, MANUFACTURE, AND COPYRIGHT NOTICE
Date of production, publication, distribution, manufacture, or copyright notice ©2016.
300 ## - PHYSICAL DESCRIPTION
Extent 217 pages :
Other physical details illustrations ;
Dimensions 20 cm.
336 ## - CONTENT TYPE
Content type term text
Content type code txt
Source rdacontent.
336 ## - CONTENT TYPE
Content type term still image
Content type code sti
Source rdacontent.
337 ## - MEDIA TYPE
Media type term unmediated
Media type code n
Source rdamedia.
338 ## - CARRIER TYPE
Carrier type term volume
Carrier type code nc
Source rdacarrier.
440 ## - SERIES STATEMENT/ADDED ENTRY--TITLE
Title Diary of a wimpy kid ;
Volume/sequential designation Book 11
500 ## - GENERAL NOTE
General note First published in the USA by Amulet Books, 2016.
520 ## - SUMMARY, ETC.
Summary, etc. The pressure's really piling up on Greg Heffley. His mom thinks video games are turning his brain to mush, so she wants her son to put down the controller and explore his 'creative side'. As if that's not scary enough, Halloween's just around the corner and the frights are coming at Greg from every angle. When Greg discovers a bag of gummy worms, it sparks an idea. Can he get his mom off his back by making a movie, and will he become rich and famous in the process? Or will doubling down on this plan just double Greg's troubles?
521 ## - TARGET AUDIENCE NOTE
Target audience note Upper primary school age.
600 10 - SUBJECT ADDED ENTRY--PERSONAL NAME
Personal name Heffley, Greg
Form subdivision Juvenile fiction.
650 #0 - SUBJECT ADDED ENTRY--TOPICAL TERM
Topical term or geographic name entry element Video games
Form subdivision Juvenile fiction.
650 #0 - SUBJECT ADDED ENTRY--TOPICAL TERM
Topical term or geographic name entry element Motion pictures
General subdivision Production and direction
Form subdivision Juvenile fiction.
650 #0 - SUBJECT ADDED ENTRY--TOPICAL TERM
Topical term or geographic name entry element Halloween
Form subdivision Juvenile fiction.
650 #0 - SUBJECT ADDED ENTRY--TOPICAL TERM
Topical term or geographic name entry element Families
Form subdivision Juvenile fiction.
942 ## - ADDED ENTRY ELEMENTS (KOHA)
Source of classification or shelving scheme
Koha item type Books - Fiction
Holdings
Withdrawn status Lost status Source of classification or shelving scheme Damaged status Not for loan Collection code Permanent Location Current Location Shelving location Date acquired Total Checkouts Full call number Barcode Date last seen Date last checked out Copy number Price effective from Koha item type Date due
      Damaged   Fiction KH8 Senior School Library KH8 Senior School Library Fiction 2019-12-06 4 FIC KIN 3KHSL000101491 2021-05-04 2021-04-20 2 2019-12-06 Books - Fiction  
          Fiction KH8 Senior School Library KH8 Senior School Library Fiction 2019-12-16 12 FIC KIN 3KHSL000101275 2026-02-26 2026-02-26 1 2019-12-16 Books - Fiction 2026-03-15
          Fiction KH8 Senior School Library KH8 Senior School Library Fiction 2024-10-03 2 FIC KIN 3KHSL000102070 2025-08-28 2025-08-28   2024-10-03 Books - Fiction 2025-09-15

Powered By KH8 IT Dept